Sports Quiz

Random Sports Quiz

Formula 1 - Last in the constructors' championship Quiz Stats

 Plays Quiz not verified by Sporcle

Score 0/58 Timer 10:00
0 Plays Today
Year Constructor % Correct
2015*Manor-Ferrari
95.5%
2001Minardi-European
92%
2003Minardi-Cosworth
92%
2004Minardi-Cosworth
92%
2005Minardi-Cosworth
92%
2013Caterham-Renault
91.4%
2014Caterham-Renault
91.4%
2012HRT-Cosworth
88.8%
2010Virgin-Cosworth
85.6%
2011Virgin-Cosworth
85.6%
1967LDS-Climax/Lotus-Climax/Cooper-ATS
79.3%
2007Spyker-Ferrari
78.8%
2002Arrows-Cosworth
77.1%
1965Lotus-Ford/LDS-Climax
76.9%
2009Toro Rosso-Ferrari
76.2%
2006Super Aguri-Honda
75.2%
2008Super Aguri-Honda
75.2%
2000Prost-Peugeot
74%
1993Tyrrell-Yamaha
72.5%
1998Tyrrell-Ford
72.5%
1999BAR-Supertec
70.3%
1985Lola-Hart
64.2%
1997Lola-Ford
64.2%
1995Simtek-Ford
60.1%
1996Forti-Ford
56.9%
1994Pacific-Ilmor
56.7%
1968Cooper-Climax / LDS-Repco
54.5%
1988Zakspeed
44.3%
1960Vanwall
41.8%
Year Constructor % Correct
1992Andrea Moda-Judd
41.8%
1990Life-Judd
41.6%
1987Coloni-Ford
39.9%
1991Coloni-Ford
39.9%
1986AGS-Motori Moderni
37.5%
1978Hesketh-Ford
36.3%
1981Toleman-Hart
36%
1964ATS (Derrington-Francis)
35.3%
1983Osella-Ford
35.3%
1980Shadow-Ford
34.5%
1989EuroBrun-Judd
31.4%
1973Ensign-Ford
27.7%
1982Theodore-Ford
24.1%
1984Spirit-Ford
18.7%
1969Eagle-Climax
16.8%
1962De Tomaso-OSCA
12.9%
1963De Tomaso-Ferrari
12.9%
1975Maki-Ford
12.7%
1976Maki-Ford
12.7%
1958OSCA
10.2%
1972Connew-Ford/Politoys-Ford
9.5%
1979Kauhsen-Ford
9.2%
1974Lyncar-Ford
8.3%
1970Bellasi-Ford
7.3%
1971Bellasi-Ford
7.3%
1977McGuire-Ford
7.1%
1959Fry-Climax
6.1%
1961Emeryson-Maserati
5.4%
1966Shannon-Climax
4.9%

You're not logged in!

Compare scores with friends on all Sporcle quizzes.
OR
Log In

Show Comments

Extras

Top Quizzes Today


Score Distribution

Your Account Isn't Verified!

In order to create a playlist on Sporcle, you need to verify the email address you used during registration. Go to your Sporcle Settings to finish the process.

Report this User

Report this user for behavior that violates our Community Guidelines.

Details: